AH International Schools' Libraries

Lists for curious kids / (Record no. 49428)

MARC details
000 -LEADER
fixed length control field 00360nam a2200121 4500
020 ## - INTERNATIONAL STANDARD BOOK NUMBER
International Standard Book Number 9781529063493
100 ## - MAIN ENTRY--PERSONAL NAME
Personal name Turner, Tracey
9 (RLIN) 57014
245 ## - TITLE STATEMENT
Title Lists for curious kids /
Statement of responsibility, etc Tracey Turner & Caroline Selmes
260 ## - PUBLICATION, DISTRIBUTION, ETC. (IMPRINT)
Place of publication, distribution, etc London
Name of publisher, distributor, etc Macmillan Children's Books
Date of publication, distribution, etc 2019
300 ## - PHYSICAL DESCRIPTION
Extent 160 p.
Other physical details col. ill.
Dimensions 28 cm.
650 ## - SUBJECT ADDED ENTRY--TOPICAL TERM
Topical term or geographic name as entry element Children's Literature
942 ## - ADDED ENTRY ELEMENTS (KOHA)
Source of classification or shelving scheme
Koha item type Book
Holdings
Withdrawn status Lost status Source of classification or shelving scheme Damaged status Not for loan Collection code Home library Current library Shelving location Date acquired Total Checkouts Full call number Barcode Date last seen Date checked out Price effective from Koha item type
          TEACHERS' RESOURCES Asian Hope Primary Library Asian Hope Primary Library Non Fiction 08/26/2025 1 032.02 TUR 209366 11/11/2025 10/06/2025 08/26/2025 Book

For any Logos Library related questions please contact Miss Art at swongnarasuk@asianhope.org.

For any Asian Hope Library related questions please contact Miss Raza at graza@asianhope.org.

Powered by Koha